LEADER 01399nam 2200409 450 001 000008740 005 20050718115300.0 010 $a88-413-3596-3 100 $a20010912d1994----km-y0itay0103----ba 101 0 $aita 102 $aIT 200 1 $aLezioni di geometria con elementi di algebra lineare$fGiuseppe Vaccaro 210 $aMilano$cMasson$d1994 215 $a427 p.$d24 cm. 606 $aGeometria 606 $aAlgebra lineare 676 $a516$v(20. ed.)$9Geometria 676 $a512.5$v(20. ed.)$9Algebra lineare, multilineare, multidimensionale 700 1$aVaccaro,$bGiuseppe$037449 801 0$aIT$bUniversità della Basilicata - B.I.A.$gRICA$2unimarc 912 $a000008740 996 $aLezioni di geometria con elementi di algebra lineare$977544 997 $aUNIBAS BAS $aMONSCI BAS $aMONOGR BAS $aSCIENZE CAT $aOB001$b01$c20010912$lBAS01$h1053 CAT $aTORRE$b20$c20010912$lBAS01$h1319 CAT $aTORRE$b20$c20010912$lBAS01$h1320 CAT $aTORRE$b20$c20010913$lBAS01$h1536 CAT $c20050601$lBAS01$h1754 CAT $abatch$b01$c20050718$lBAS01$h1050 CAT $c20050718$lBAS01$h1109 CAT $c20050718$lBAS01$h1139 CAT $c20050718$lBAS01$h1153 FMT Z30 -1$lBAS01$LBAS01$mBOOK$1BASA2$APolo Tecnico-Scientifico$2DID$BDidattica$3PTS.s5.p3.14$63687$5M3687$820010912$f98$FConsultazione LEADER 01137nam--2200361---450- 001 990003254660203316 005 20090526113302.0 035 $a000325466 035 $aUSA01000325466 035 $a(ALEPH)000325466USA01 035 $a000325466 100 $a20090526d1968----km-y0itay50------ba 101 $aita 102 $aIT 105 $a||||||||001yy 200 1 $aAppunti (paradigma) sulla logica dei sistemi tributari vigenti o possibili$eattinti dalle lezioni di scienza delle finanze del prof. Ernesto D'Albergo$eanno accademico 1967/8 210 $aRoma$cBulzoni$dc1968 215 $a26 p.$d25 cm 410 0$12001 454 1$12001 461 1$1001-------$12001 606 0 $aTributi 676 $a336.2001 700 1$aD'ALBERGO,$bErnesto$0329640 801 0$aIT$bsalbc$gISBD 912 $a990003254660203316 951 $a336.2 DAL 1$b42408 LM$c336.2$d00230723 959 $aBK 969 $aECO 979 $aRSIAV4$b90$c20090526$lUSA01$h1131 979 $aRSIAV4$b90$c20090526$lUSA01$h1133 996 $aAppunti (paradigma) sulla logica dei sistemi tributari vigenti o possibili$91120076 997 $aUNISA LEADER 01374nam 2200373 a 450 001 9910700767303321 005 20120607155129.0 035 $a(CKB)5470000002411332 035 $a(OCoLC)794935242 035 $a(EXLCZ)995470000002411332 100 $a20120607d2002 ua 0 101 0 $aeng 135 $aurbn||||||||| 181 $ctxt$2rdacontent 182 $cc$2rdamedia 183 $acr$2rdacarrier 200 10$aVideo quality measurement techniques$b[electronic resource] /$fStephen Wolf, Margaret Pinson 210 1$a[Boulder, Colo.] :$cU.S. Dept. of Commerce, National Telecommunications and Information Administration,$d[2002] 215 $a1 online resource (xiv, 113 pages) $cillustrations (some color) 225 1 $aNTIA report ;$v02-392 300 $aTitle from title screen (viewed on June 7, 2012). 300 $a"June 2002." 320 $aIncludes bibliographical references (pages 94-96). 606 $aDigital video$xMeasurement 615 0$aDigital video$xMeasurement. 700 $aWolf$b Stephen$c(Writer on Digital video)$01398405 701 $aPinson$b Margaret$01381288 712 02$aUnited States.$bNational Telecommunications and Information Administration. 801 0$bGPO 801 1$bGPO 906 $aBOOK 912 $a9910700767303321 996 $aVideo quality measurement techniques$93461583 997 $aUNINA